Marvel Superheroes (En Espanol) - Estadísticas

Estadísticas generales
  • Esta prueba ha sido intentada 408 veces
  • La puntuación promedio es 4 de 19
Estadísticas de respuestas
Pista Respuesta % Correcto
Steve Rogers Capitan America
86%
Pedro Parker Hombre-Arana
81%
Logan Wolverine
59%
Bruce Bandera Hulk
57%
Tony Fuerte Hombre de Hierro
51%
Ororo Munroe Tormenta
24%
Charles Xavier Profesor X
22%
Reed Richards Senor Fantastico
18%
Mapache Cohete
16%
Scott Veranos Ciclope
15%
Hank McCoy Bestia
7%
Bobby Drake Hombre de Hielo
3%
Ben Sombrio Cosa
2%
Susan Tormenta Invisible Mujer
2%
Pedro Quill Estrella-Senor
1%
Clint Barton Halcon-Ojo
1%
Johnny Tormenta Humano Antorcha
1%
Fenix Jean Gris
1%
Natasha Romanoff Viuda Negro
1%
No se encontraron pruebas coincidentes
Distribución de puntuación
Porcentaje de gente con cada puntuación
Porcentaje por número respondido
Historial de tus puntuaciones
No has intentado esta prueba.